书目信息 |
| 题名: |
正义的游戏
|
|
| 作者: | 罗伯逊 著 ;印波 , 陈朗 译 | |
| 分册: | ||
| 出版信息: | 北京 中国政法大学出版社 2015.08 |
|
| 页数: | 448页 | |
| 开本: | 23cm | |
| 丛书名: | ||
| 单 册: | ||
| 中图分类: | D911.01 | |
| 科图分类: | ||
| 主题词: | 公民权--gong min quan--案例--英联邦 | |
| 电子资源: | ||
| ISBN: | 978-7-5620-5875-5 | |
| 000 | 01278nam0 2200301 450 | |
| 001 | 0100195353 | |
| 005 | 20201204112757.81 | |
| 010 | @a978-7-5620-5875-5@dCNY62.00 | |
| 100 | @a20151106d2015 em y0chiy50 ea | |
| 101 | 1 | @achi@ceng |
| 102 | @aCN@b110000 | |
| 105 | @ay z 001yy | |
| 106 | @ar | |
| 200 | 1 | @a正义的游戏@Azheng yi de you xi@f(英) 杰弗里·罗伯逊著@F( ying ) jie fu li luo bo xun zhu@d= The justice game@fGeoffrey Robertson@g印波, 陈朗译@Gyin bo , chen lang yi@zeng |
| 210 | @a北京@c中国政法大学出版社@d2015.08 | |
| 215 | @a448页@d23cm | |
| 320 | @a有索引 | |
| 330 | @a本书以夹叙夹议的方式描述了其在英国及其他重要英联邦国家律师界执业25年的十余件要案。这些案件无一例外均关于英联邦国家公民基本权利的保障和争取。如《奥兹》案中初露锋芒, 协助英国美国著名律师约翰·摩尔提莫为三名编辑辩护, 争取言论自由, ABC案则进一步探讨了这一话题 ; 史东豪案在确立了陪审团在控方证据得力的情况下裁定无罪的权力等。 | |
| 500 | 10 | @aJustice game@mChinese |
| 540 | @a正义的游戏 | |
| 606 | 0 | @a公民权@Agong min quan@x案例@y英联邦 |
| 690 | @aD911.01@v5 | |
| 701 | 1 | @a罗伯逊@Aluo bo xun@g(Robertson, Geoffrey)@4著 |
| 702 | 0 | @a印波@Ayin bo@4译 |
| 702 | 0 | @a陈朗@Achen lang@4译 |
| 801 | @aCN | |
| 901 | @a21 | |
| 905 | @a河南城建学院图书馆@b1294451-3@dD911.01@eL937@f3 | |
| 正义的游戏/(英) 杰弗里·罗伯逊著= The justice game/Geoffrey Robertson/印波, 陈朗译.-北京:中国政法大学出版社,2015.08 |
| 448页;23cm |
| ISBN 978-7-5620-5875-5:CNY62.00 |
| 本书以夹叙夹议的方式描述了其在英国及其他重要英联邦国家律师界执业25年的十余件要案。这些案件无一例外均关于英联邦国家公民基本权利的保障和争取。如《奥兹》案中初露锋芒, 协助英国美国著名律师约翰·摩尔提莫为三名编辑辩护, 争取言论自由, ABC案则进一步探讨了这一话题 ; 史东豪案在确立了陪审团在控方证据得力的情况下裁定无罪的权力等。 |
| ● |
| 相关链接 |
|
|
|
正题名:正义的游戏
索取号:D911.01/L937
 
预约/预借
| 序号 | 登录号 | 条形码 | 馆藏地/架位号 | 状态 | 备注 |
| 1 | 1294451 | 212944512 | 社科库509/509社科库 80排8列2层/ [索取号:D911.01/L937] | 在馆 | |
| 2 | 1294452 | 212944529 | 社科库509/509社科库 80排8列2层/ [索取号:D911.01/L937] | 在馆 | |
| 3 | 1294453 | 212944536 | 社科库509/509社科库 80排8列2层/ [索取号:D911.01/L937] | 在馆 |